| 000 | 00502nam a22001817a 4500 | ||
|---|---|---|---|
| 005 | 20260205092249.0 | ||
| 008 | 260205b |||||||| |||| 00| 0 eng d | ||
| 020 | _a978-1-2920-2434-9 | ||
| 100 | _aAHO, ALFRED V. | ||
| 245 |
_aCOMPILERS _bPRINCIPLES, TECHNIQUES, AND TOOLS |
||
| 250 | _a2ND ED | ||
| 260 |
_aBOSTON _bPEARSON ADDISON WESLEY _c2007 |
||
| 300 | _aXXIV, 1009P. | ||
| 500 | _aINCLUDES INDEX | ||
| 650 | _a1.COMPILERS (COMPUTE PROGRAM) | ||
| 700 | _aLAM, MONICA S. | ||
| 942 |
_2lcc _cBK |
||
| 999 |
_c216545 _d216545 |
||